[Event "2nd Sharjah Masters 2018"]
[Site "Sharjah"]
[Date "2018.04.18"]
[Round "8"]
[White "Adly, Ahmed"]
[Black "Kovalev, Vladislav"]
[Result "1-0"]
[WhiteElo "2626"]
[BlackElo "2648"]
[Annotator "TA"]
[PlyCount "86"]
[EventDate "2018.??.??"]
[EventType "swiss"]
[EventCountry "UAE"]
[SourceTitle "playchess.com"]
[Source "ChessBase"]
[SourceQuality "1"]

{[%evp 30,86,15,18,40,29,43,32,61,34,94,85,90,86,84,101,96,88,87,81,98,43,27,23,21,24,26,24,15,27,22,26,32,24,17,8,10,0,0,0,9,9,9,9,122,106,118,95,29978,29979,29979,29980,29981,29982,29982,29983,29983,29979,29999]} 1. Nf3 Nf6 2. c4 g6 3. g3 Bg7 4. Bg2 c5 5. O-O O-O 6. d4 cxd4 7. Nxd4 Nc6 8. Nc3 d6 9. Nxc6 bxc6 10. Bxc6 Rb8 11. Bg2 Qa5 12. Qd2 {E65: King's Indian: Fianchetto: 6...c5 7 0-0 without d5 by White} Be6 13. b3 Rxb3 14. axb3 Qxa1 15. Nb5 a6 16. Na7 {[#] LiveBook: 4 Games. Black should prevent Nc6.} Bd7 $146 ({Predecessor:} 16... Nd7 17. Nc6 Re8 18. Qb4 Qc3 19. Qxc3 Bxc3 {1-0 (60) Efimenko,Z (2655)-Melkumyan,H (2640) Warsaw 2016}) 17. Nc6 Bxc6 18. Bxc6 Qe5 19. Qa2 Ne4 ({Black should play} 19... Rb8 $14) 20. Qxa6 $16 Nc5 21. Qa2 $1 Qc3 22. Bg5 Bf6 23. Bxf6 exf6 24. Rb1 Rb8 {[%cal Rb8b3] [#]} 25. Bd5 ({Better is} 25. Bb5 $1 $16) 25... Rxb3 $14 26. Rxb3 Qxb3 27. Qa7 Ne6 28. Qe7 Qd1+ 29. Kg2 {Hoping for e3.} Qxe2 30. Qxd6 {And now c5 would win.} g5 31. h3 {Threatens to win with c5.} f5 32. Bxe6 Qe4+ 33. Kg1 Qe1+ 34. Kg2 Qe4+ 35. Kh2 fxe6 $11 {[%mdl 4096] Endgame KQ-KQ} 36. c5 {[%cal Bc4c5,Bc5c6,Bc6c7][%mdl 32] c6 is the strong threat.} Kf7 {[#]} (36... Qe2 $1 $11 {remains equal.}) 37. Qd7+ $1 $16 Kg6 38. c6 Qe2 $2 {[%mdl 8192]} (38... Kf6 $16) 39. Qe8+ {White mates.} Kh6 40. Qf8+ Kh5 41. Qc5 Qa6 42. c7 Qc8 43. Qe7 {[%cal Re7h7]} Qa8 {Precision: White = 70%, Black = 48%.} 1-0

[Event "2nd Sharjah Masters 2018"]
[Site "Sharjah"]
[Date "2018.04.18"]
[Round "8"]
[White "Iturrizaga Bonelli, Eduardo"]
[Black "Sundararajan, Kidambi"]
[Result "1-0"]
[WhiteElo "2624"]
[BlackElo "2436"]
[Annotator "TA"]
[PlyCount "99"]
[EventDate "2018.??.??"]
[EventType "swiss"]
[EventCountry "UAE"]
[SourceTitle "playchess.com"]
[Source "ChessBase"]
[SourceQuality "1"]

{[%evp 12,99,8,-35,37,19,50,55,50,37,61,50,58,53,58,38,35,55,43,47,45,43,36,31,172,14,7,21,13,22,22,0,0,0,42,47,51,17,17,17,32,30,32,31,31,29,112,57,137,124,120,67,192,187,175,181,180,168,200,196,865,573,558,561,543,550,772,775,751,669,831,829,1144,1143,1047,1026,1038,1036,960,906,1670,1669,1649,1648,1587,1609,1569,1537,29963,11445]} 1. d4 d5 2. Nf3 Nf6 3. c4 c6 4. Nc3 a6 5. Bg5 dxc4 6. a4 {D15: Slav Defence: 4 Nc3 a6 and gambit lines after 4 Nc3 dxc4} h6 7. Bh4 {LiveBook: 12 Games} Qb6 $146 (7... b5 $15) ({Predecessor:} 7... b5 8. axb5 cxb5 9. Nxb5 axb5 10. Rxa8 Bb7 11. Ra1 g5 12. Bg3 e6 13. e3 {0-1 (38) Aronian,L (2825)-McShane,L (2706) Moscow 2012}) 8. Qc2 {White is slightly better.} a5 9. e3 Be6 10. Nd2 Nbd7 11. Bxc4 Bxc4 12. Nxc4 Qb4 13. Qe2 Nb6 14. Ne5 Nbd7 15. Bxf6 (15. Nd3 {is interesting.} Qb6 16. O-O e6 17. f4 Be7 18. Bf2) 15... Nxf6 16. Nc4 e6 17. O-O Be7 {[#]} (17... Nd7 $14) 18. Ra3 $2 ({White must play} 18. Na2 $1 $18 {[%cal Ra2b4]} Qb3 19. Nc1) 18... Bd8 $1 $11 19. e4 {[%cal Be3e4,Be4e5][%mdl 32]} O-O 20. Rd1 Bc7 21. e5 Nd5 22. Ne4 Nf4 23. Qc2 $36 {[%mdl 2048] White has the initiative.} Qe7 24. Qd2 (24. Rg3 {looks sharper.} Kh8 25. Rb3 Rab8 26. Qd2 Nd5 27. Nxa5 Bxa5 28. Qxa5 Ra8 29. Qc5) 24... Nd5 25. Ne3 f5 26. Nxd5 cxd5 27. Nc3 Rac8 28. Rb3 Bb8 {[#]} (28... Bd8 $11) 29. Nb5 (29. Ne2 $1 $16) 29... f4 (29... Qd8 $14) 30. Qxa5 $16 f3 31. Qd2 ({Much less strong is} 31. Rxf3 $6 Rxf3 32. gxf3 Qg5+ 33. Kf1 Qf5 $14) ({Don't play} 31. gxf3 $6 Qh4 $11) (31. g3 $16) 31... Qh4 (31... Rc4 $14) 32. Rxf3 $18 Rxf3 33. gxf3 Rf8 34. Rc1 Rxf3 35. Rc8+ Kh7 $2 (35... Rf8 36. Rxf8+ Kxf8) 36. Rxb8 Qg4+ 37. Kf1 Qh3+ 38. Ke1 Qf5 39. Nd6 Qg6 40. Kf1 Qb1+ 41. Ke2 Rb3 42. Rxb7 Rxb7 43. Nxb7 {Strongly threatening Qd3+.} Qe4+ 44. Qe3 {Hoping for Qxe4+.} Qc2+ 45. Kf3 Qf5+ 46. Qf4 {Qxf5+ would kill now.} Qd3+ 47. Kg2 Qg6+ 48. Qg3 Qe4+ 49. Qf3 {Black must now prevent Qxe4+.} Qg6+ 50. Kh3 {Precision: White = 55%, Black = 38%.} 1-0

[Event "2nd Sharjah Masters 2018"]
[Site "Sharjah"]
[Date "2018.04.18"]
[Round "8"]
[White "Maghsoodloo, Parham"]
[Black "Safarli, Eltaj"]
[Result "1/2-1/2"]
[WhiteElo "2615"]
[BlackElo "2653"]
[Annotator "TA"]
[PlyCount "141"]
[EventDate "2018.??.??"]
[EventType "swiss"]
[EventCountry "UAE"]
[SourceTitle "playchess.com"]
[Source "ChessBase"]
[SourceQuality "1"]

{[%evp 10,141,6,10,12,0,0,0,0,0,0,0,0,0,0,0,0,1,10,-21,8,0,22,0,27,32,38,20,28,22,68,66,96,91,60,45,41,18,27,21,25,14,20,3,15,15,12,23,0,0,0,0,115,115,111,115,113,115,118,85,82,82,82,82,85,85,131,131,131,131,131,131,131,131,131,131,131,131,131,131,131,131,131,96,96,11,18,11,11,11,200,208,594,247,594,11,11,11,118,11,11,11,118,118,118,118,118,118,118,118,118,118,118,118,118,118,118,8,111,94,111,8,8,8,8,8,8,8,8,8,8,8,8,-8]} 1. Nf3 d5 2. b3 Bg4 3. e3 e5 (3... Nf6 4. Bb2 e6 5. h3 Bh5 6. g4 Bg6 7. Ne5 Nfd7 8. Nxg6 hxg6 9. Bg2 Nf6 10. c4 c6 11. Qe2 Nbd7 12. Nc3 Bd6 13. Rd1 Qe7 {1-0 (95) Grischuk,A (2772)-Fressinet,L (2662) Riadh 2017}) 4. Bb2 Nd7 5. h3 Bxf3 6. Qxf3 {LiveBook: 11 Games. A06: Réti Opening:1 Nf3 d5} e4 7. Qe2 (7. Qd1 {with more complications.} Qg5 8. d3 Ngf6 9. Nd2 exd3 10. cxd3 Qg6 11. g3) 7... c6 8. d3 exd3 9. cxd3 Ngf6 10. Nd2 Bd6 11. g3 O-O $146 12. Bg2 a5 13. O-O a4 14. e4 axb3 15. axb3 Rxa1 16. Rxa1 dxe4 17. dxe4 {[%cal Bd3e4,Be4e5][%mdl 32]} Be5 18. Nc4 Bxb2 19. Qxb2 Qe7 20. Rd1 Rb8 21. e5 Ne8 22. Qa1 g6 23. Qa5 Nf8 24. Qa7 Qc7 25. b4 Ne6 26. Rc1 Rd8 27. Na5 $36 {[%mdl 2048] White has the initiative.} Nd4 28. Kh2 Rd7 $1 29. f4 h5 30. Rd1 Nb5 (30... Nf5 $11 31. Rxd7 Qxd7) 31. Rxd7 $16 Nxa7 32. Rxc7 Nxc7 33. Nxb7 {[%mdl 4096] Endgame KBN-KNN} Na6 34. Bf1 Nxb4 35. Bc4 Nd5 36. Nd8 Kf8 37. Nxc6 Nxc6 38. Bxd5 {KB-KN} Nd4 39. Kg2 Ke7 40. Be4 Ne6 41. Kf3 Ng7 42. Bb1 Ke6 43. Ke3 Ke7 44. Bd3 Ke6 45. Kf3 Ke7 46. h4 Ke6 47. g4 (47. Ba6 $16) 47... hxg4+ $11 48. Kxg4 Ke7 $1 49. Bc4 Nf5 $2 {[#]} (49... f6 $1 $11 {and Black stays safe.}) 50. Kg5 $1 $18 Ng7 $2 (50... Nd4 {is more resistant.} 51. Bd5 Nc2) 51. Bd5 (51. Bb3 $142 Kf8 52. e6 fxe6 53. Kxg6) 51... Kf8 $2 (51... Nh5 52. Be4 Ng7) 52. Bb7 $2 (52. Ba2 $18 {Threatens to win with e6.} Ke7 53. Bc4) 52... Ne6+ $11 53. Kg4 {Black must now prevent Be4.} Kg7 (53... Ke7 $11) 54. Bc8 ({Better is} 54. f5 $16 gxf5+ 55. Kxf5) 54... Nd4 55. Kg3 {Kf2 is the strong threat.} Nc6 (55... f6 $11 {keeps the balance.}) 56. Kf3 $16 Ne7 57. Bd7 Kh6 58. Ke4 Kg7 59. Kd4 Ng8 60. Kc5 Kf8 61. Kd6 Nh6 62. Bh3 Ng8 63. Bg2 ({White should try} 63. Kd5 $16) 63... Nh6 (63... Ne7 $11 {remains equal.}) 64. Be4 Ng4 65. Kd7 (65. Kc5 $16) 65... Ne3 $11 {The position is equal.} 66. Bf3 Nf5 $1 67. h5 gxh5 $1 68. Bxh5 {[#] And now Be2 would win.} Ne7 $1 69. Kd8 Nd5 70. f5 {Hoping for Bf3.} Ne7 71. Bxf7 {Precision: White = 52%, Black = 56%.} 1/2-1/2

[Event "2nd Sharjah Masters 2018"]
[Site "Sharjah"]
[Date "2018.04.18"]
[Round "8"]
[White "Petrosian, Tigran L"]
[Black "Vignesh N R"]
[Result "1/2-1/2"]
[WhiteElo "2609"]
[BlackElo "2475"]
[Annotator "TA"]
[PlyCount "197"]
[EventDate "2018.??.??"]
[EventType "swiss"]
[EventCountry "UAE"]
[SourceTitle "playchess.com"]
[Source "ChessBase"]
[SourceQuality "1"]

{[%evp 19,197,24,24,25,22,25,27,27,62,31,29,28,39,24,35,25,73,87,56,54,45,64,59,54,68,54,92,86,91,98,86,79,135,143,131,140,130,42,49,42,37,50,47,36,38,45,79,79,79,73,91,46,46,46,45,45,45,43,45,41,41,17,20,24,22,26,28,25,53,8,8,8,8,8,12,10,16,0,13,15,19,15,15,15,17,17,18,8,8,0,8,8,8,8,8,0,0,0,10,11,23,0,8,8,8,8,8,8,8,8,8,8,8,8,8,7,8,8,8,7,8,8,8,7,7,7,7,7,8,8,8,8,8,8,8,0,8,8,8,8,8,7,8,7,8,5,7,4,7,7,7,7,8,8,8,8,8,8,8,8,8,2,8,8,8,8,8,8,8,8,8,0,8,8,8,0,8,0,8,0]} 1. Nf3 d5 2. g3 Nf6 3. Bg2 c6 4. c4 Bg4 5. Ne5 Be6 6. O-O {A11: English Opening: 1...c6} (6. cxd5 Bxd5 7. Nf3 c5 8. Nc3 Bc6 9. O-O e6 10. Qc2 Be7 11. Rd1 O-O 12. d4 cxd4 13. Nxd4 Bxg2 14. Kxg2 Nbd7 15. Bg5 {½-½ (15) Svidler,P (2765)-Karjakin,S (2760) Riadh 2017}) 6... Nbd7 7. cxd5 Bxd5 8. Nf3 e5 9. Nc3 Bxf3 10. Bxf3 Bc5 {LiveBook: 9 Games} 11. d3 O-O 12. Rb1 a5 13. a3 Re8 14. Bd2 Qe7 15. Qc2 Bd6 $146 16. Bg2 Nc5 17. b4 axb4 18. axb4 Ne6 19. Qb2 Red8 20. Rfd1 h6 21. e3 Bc7 22. Be1 Rd7 23. Qc2 Rad8 24. Na4 {[%cal Bc3a4,Ba4b2,Bb2c4][%mdl 32]} b5 25. Nb2 c5 {[#]} (25... Bd6 $142) 26. bxc5 $1 $16 Qxc5 27. Qxc5 Nxc5 {[#]} 28. Bc6 (28. Rdc1 $1 $16 {[%cal Rc1c5]} Bd6 29. Bc6) 28... Rd6 $14 29. Bxb5 Rb8 30. Nc4 Rxd3 31. Bc6 Rxd1 32. Rxd1 e4 33. Bc3 Rd8 34. Rb1 Nd5 35. Bd4 Ne7 36. Bb5 Ne6 37. Ba1 Nc5 38. Kg2 Rb8 39. Nd2 Nf5 40. Bc6 {Hoping for Rxb8+.} Rxb1 41. Nxb1 Ne7 42. Bb5 Ng6 43. Bd4 Ne6 44. Ba7 f5 45. Bc4 Kf7 46. Nc3 Ne5 47. Bb3 {Threatens to win with Nb5.} Nc6 48. Nd5 Be5 49. Bb6 Ne7 50. Nc7 Bxc7 51. Bxc7 $11 {[%mdl 4096] Endgame KBB-KNN} Nc6 52. Bd6 Kf6 53. Ba3 Ne5 54. Bb4 g6 55. Bc3 Ng5 56. h3 h5 57. Ba4 Ngf3 58. Bb4 g5 59. Bb3 g4 60. Bd5 h4 {The position is equal.} 61. hxg4 Nxg4 62. gxh4 Nxh4+ 63. Kg3 Ng6 64. Ba5 N6e5 65. Bd8+ Kg6 66. Bb6 Nd3 67. f3 exf3 68. Kxf3 Nde5+ 69. Kg3 Nf6 70. Bb7 Ne4+ 71. Kf4 Nd3+ 72. Kf3 Ne5+ 73. Ke2 Nd6 74. Bd5 Nd7 75. Bd4 Nf6 76. Bc6 Ng4 77. Bd5 Nf6 78. Ba2 Nde4 79. Be6 Ng4 80. Bb6 Kf6 81. Bc8 Nc3+ 82. Kf3 Ne5+ 83. Kg2 Ne4 84. Bd4 Nd6 85. Bd7 Ke7 86. Ba4 Ng6 87. Bc5 Ke6 88. Bb3+ Ke5 89. Bd4+ (89. Kf3 {with more complications.} Ne4 90. Bd4+ Kd6 91. Ba2 Ng5+ 92. Kf2) 89... Ke4 90. Kf2 Ne5 91. Bc2+ Kd5 92. Kg3 Ng6 93. Kf3 Ne4 94. Bb3+ Kd6 {aiming for ...Nd2+.} 95. Bc2 Kd5 96. Ke2 Nf4+ 97. Kf3 Ng6 98. Bb3+ Kd6 {And now ...Nd2+ would win.} 99. Bc2 {Precision: White = 58%, Black = 73%.} 1/2-1/2

[Event "2nd Sharjah Masters 2018"]
[Site "Sharjah"]
[Date "2018.04.18"]
[Round "8"]
[White "Tabatabaei, M amin"]
[Black "Abdusattorov, Nodirbek"]
[Result "1/2-1/2"]
[WhiteElo "2605"]
[BlackElo "2540"]
[Annotator "TA"]
[PlyCount "91"]
[EventDate "2018.??.??"]
[EventType "swiss"]
[EventCountry "UAE"]
[SourceTitle "playchess.com"]
[Source "ChessBase"]
[SourceQuality "1"]

{[%evp 24,91,30,16,15,26,32,16,17,14,19,10,6,0,0,0,0,0,0,0,0,0,5,0,4,0,0,0,0,0,0,0,0,0,0,0,0,0,0,0,0,0,0,0,0,0,0,0,0,0,0,0,0,0,0,0,0,0,0,0,0,0,0,0,0,0,0,0,0,0]} 1. Nf3 Nf6 2. c4 c5 3. Nc3 Nc6 4. g3 g6 5. Bg2 Bg7 6. d4 cxd4 7. Nxd4 O-O 8. O-O Qa5 9. e3 d6 {A39: Symmetrical English vs ...g6: 4 Bg2 Bg7 5 Nf3 Nf6 6 0-0 0-0 7 d4} 10. Bxc6 (10. h3 Bd7 11. Qe2 Rfc8 12. Rd1 a6 13. Bd2 Qd8 14. Rac1 Rab8 15. Nxc6 Bxc6 16. e4 Nd7 17. Bg5 h6 18. Be3 {½-½ (41) Ding,L (2778)-Bacrot,E (2718) Liaocheng 2018}) 10... bxc6 11. Nxc6 Qc7 12. Nd5 Nxd5 13. cxd5 {[#] LiveBook: 9 Games} Bh3 $146 ({Predecessor:} 13... Bb7 14. Bd2 Bxc6 15. Rc1 Bxb2 16. Rxc6 Qd7 17. Qc2 Ba3 18. Bc3 Rfc8 19. Qe4 Bc5 20. Rb1 Qf5 21. Qxf5 gxf5 22. Bd4 Bxd4 {½-½ (22) Sasikiran,K (2639)-Sethuraman,S (2653) Pune 2016}) 14. Re1 e6 15. Bd2 Bxb2 {The position is equal.} 16. Rb1 Bg7 17. e4 Qd7 18. Qb3 exd5 19. exd5 Rfe8 20. Bc3 Bf5 21. Rbc1 Bxc3 22. Qxc3 {next Qf6 is good for White.} Rxe1+ 23. Rxe1 Re8 24. Re3 Rxe3 25. Qxe3 Qb7 26. Qb3 Qxb3 27. axb3 $11 {[%mdl 4096] Endgame KB-KN} Bc2 28. Nxa7 {[#] Strongly threatening b4.} Bxb3 29. Nc8 Kf8 30. Nxd6 Bxd5 31. f4 Ke7 32. Nb5 Bc4 33. Nd4 h5 34. Kf2 Bd5 35. Ke3 Kf6 36. Nc2 Bb3 37. Ne1 Kf5 38. h3 Bd5 39. Nf3 Bxf3 40. Kxf3 g5 41. fxg5 Kxg5 {KPP-KPP} 42. Ke4 f5+ 43. Ke5 h4 44. gxh4+ Kxh4 45. Kxf5 Kxh3 46. Ke4 {Precision: White = 84%, Black = 93%.} 1/2-1/2

[Event "2nd Sharjah Masters 2018"]
[Site "Sharjah"]
[Date "2018.04.18"]
[Round "8"]
[White "Firouzja, Alireza"]
[Black "Bhambure, Shantanu"]
[Result "1-0"]
[WhiteElo "2572"]
[BlackElo "2155"]
[Annotator "TA"]
[PlyCount "67"]
[EventDate "2018.??.??"]
[EventType "swiss"]
[EventCountry "UAE"]
[SourceTitle "playchess.com"]
[Source "ChessBase"]
[SourceQuality "1"]

{[%evp 31,67,35,37,41,98,60,64,48,100,89,83,89,158,148,154,147,141,157,314,322,319,321,296,299,371,400,397,389,871,675,641,603,618,599,1752,1661,1256,1193]} 1. e4 c5 2. Nf3 d6 3. d4 cxd4 4. Nxd4 Nf6 5. Nc3 a6 6. Be3 e5 7. Nf3 Qc7 8. a4 Be7 9. Be2 O-O 10. O-O h6 11. a5 Be6 12. Nd5 {B90: Sicilian Najdorf: Unusual White 6th moves, 6 Be3 Ng4 and 6 Be3 e5} Nxd5 13. exd5 Bf5 14. c4 Nd7 15. b4 Bh7 16. Rc1 Rac8 {LiveBook: 6 Games} 17. Nd2 {[%cal Bf3d2,Bd2b3,Bb3a5,Ba5c6][%mdl 32]} Bg5 $146 (17... Qd8 $14) ({Find the theoretical novelty and annotate with similar games:} 17... e4 18. f4 exf3 19. Nxf3 Bf6 {1-0 (40) Yu,Y (2635)-Oparin,G (2488) Athens 2012}) 18. Bxg5 $16 hxg5 19. Nb3 b6 (19... Nf6 $14) 20. Qd2 Rb8 21. Qxg5 bxa5 ({Black should try} 21... Nf6) 22. Nxa5 Rxb4 23. Nc6 $36 {[%mdl 2048] White is really pushing.} Rb3 {[#]} 24. Bd1 $1 {[%cal Rd1b3]} Ra3 $2 {[#]} (24... Rb7 $16 {was called for.}) 25. Qe7 $1 $18 Rc8 26. Bg4 f5 27. Qe6+ Kh8 {...Nc5 is the strong threat.} 28. Bxf5 Bxf5 29. Qxf5 Nc5 $2 {[#]} (29... Nf6 30. c5 Qd7 31. Qxd7 Nxd7 32. cxd6 Rf8) 30. Ne7 $1 {[%mdl 512] White is clearly winning.} Qxe7 31. Qxc8+ Kh7 32. Rb1 Rb3 33. Rxb3 Nxb3 34. Qh3+ {Precision: White = 82%, Black = 36%.} 1-0

[Event "2nd Sharjah Masters 2018"]
[Site "Sharjah"]
[Date "2018.04.18"]
[Round "8"]
[White "Petrosyan, Manuel"]
[Black "Bharath Subramaniyam H"]
[Result "1-0"]
[WhiteElo "2560"]
[BlackElo "1997"]
[Annotator "TA"]
[PlyCount "61"]
[EventDate "2018.??.??"]
[EventType "swiss"]
[EventCountry "UAE"]
[SourceTitle "playchess.com"]
[Source "ChessBase"]
[SourceQuality "1"]

{[%evp 27,60,35,39,16,14,24,71,42,72,70,77,60,76,63,124,122,229,239,248,237,419,423,471,466,952,921,1037,1053,1039,1038,29993,29994,29995,29996,29999]} 1. Nf3 Nf6 2. c4 c5 3. Nc3 b6 4. g3 Bb7 5. Bg2 e6 6. O-O Be7 7. Re1 O-O 8. e4 d6 9. d4 cxd4 10. Nxd4 Qc8 11. Be3 a6 12. Rc1 {A30: Symmetrical English: Double Fianchetto and Hedgehog} Nbd7 13. f4 Re8 (13... Nc5 14. Bf2 g6 15. b4 Ncd7 16. b5 h5 17. Nc6 Bxc6 18. bxc6 Nc5 19. Bxc5 bxc5 {½-½ (41) Malakhov,V (2703)-Korobov,A (2674) Sochi 2016}) 14. Bf2 g6 {LiveBook: 9 Games} ({But not} 14... Qxc4 $2 15. e5 $18) 15. Nd5 $146 ({Find the theoretical novelty and annotate with similar games:} 15. b4 Bf8 16. Nb3 Qc7 17. a4 Rac8 18. a5 bxa5 19. Nxa5 Ba8 {½-½ (63) Franco Alonso,A (2489)-Praveen Kumar,C (2352) San Sebastian 2011}) 15... exd5 16. cxd5 Qd8 17. Nc6 Bxc6 $1 18. dxc6 {aiming for e5.} Nc5 19. b4 $1 {[%cal Rb4c5]} Ne6 {[#]} 20. c7 $1 {[%cal Rc7d8][%mdl 512]} Nxc7 (20... Qc8 $14) 21. Bxb6 $16 Rc8 (21... Qb8 $16 22. Bxc7 Qa7+ 23. Kh1 Rac8) 22. Bh3 $18 Nd7 {[#]} 23. Ba5 $1 {Black must now prevent Qa4.} d5 $2 (23... Bf8 24. Qa4 Re7) 24. Qa4 f5 25. exf5 Bc5+ (25... Bd6 $142 26. fxg6 Rxe1+ 27. Rxe1 Nf8 28. Bxc8 Qxc8 29. gxh7+ Kxh7) 26. bxc5 Rxe1+ 27. Rxe1 Nxc5 28. Qd4 {White wants to mate with Bc3.} Qd6 29. Bc3 {[%csl Gc3][%cal Rd4g7] White mates.} Ne8 {[#]} 30. Rxe8+ $1 {[%mdl 512]} Rxe8 31. Qg7# {Precision: White = 88%, Black = 26%.} 1-0

[Event "2nd Sharjah Masters 2018"]
[Site "Sharjah"]
[Date "2018.04.18"]
[Round "8"]
[White "Puranik, Abhimanyu"]
[Black "Aditya Mittal"]
[Result "1-0"]
[WhiteElo "2520"]
[BlackElo "2212"]
[Annotator "TA"]
[PlyCount "87"]
[EventDate "2018.??.??"]
[EventType "swiss"]
[EventCountry "UAE"]
[SourceTitle "playchess.com"]
[Source "ChessBase"]
[SourceQuality "1"]

{[%evp 18,87,45,45,55,45,52,44,48,44,62,43,45,42,54,34,72,66,56,42,40,22,38,31,79,44,58,44,78,62,130,100,133,127,127,124,119,117,127,119,166,166,166,166,171,171,211,175,200,164,289,271,439,439,514,530,660,630,863,906,1383,1393,1437,1442,2109,2015,29988,29977,5319,3409,6701,9777]} 1. Nf3 d5 2. g3 Nf6 3. Bg2 g6 4. c4 c6 5. b3 Bg7 6. Bb2 O-O 7. O-O Nbd7 8. d4 Ne4 9. e3 Ndf6 {D78: Fianchetto Grünfeld: 6 0-0 c6} (9... a5 10. Ne1 a4 11. Nd3 axb3 12. axb3 Rxa1 13. Bxa1 Qa5 14. Bb2 Ndf6 15. c5 Ng4 16. Qe2 Bh6 17. Bc1 {1-0 (62) Carlsen,M (2840)-Gupta,A (2645) chess.com INT 2017}) 10. Ne5 {LiveBook: 4 Games} Nd7 11. Nd3 b6 $146 {White is slightly better.} ({Predecessor:} 11... f5 12. cxd5 cxd5 13. Nd2 b6 14. Nf4 Ndc5 15. Nf3 Ba6 16. Re1 g5 17. dxc5 Bxb2 {1-0 (31) Vassallo Barroche,M (2432)-Rodriguez Cabrera,F (1954) San Sebastian 2011}) 12. Nd2 Nxd2 13. Qxd2 Bb7 14. Rac1 e6 15. Rc2 Qe7 16. Rfc1 Rac8 17. a4 {[%cal Ba2a4,Ba4a5,Ba5a6][%mdl 32]} Rfd8 18. a5 Nf6 19. cxd5 Nxd5 20. e4 Nf6 21. a6 Ba8 22. Qe3 Nd7 23. b4 $36 {[%mdl 2048] White fights for an advantage.} b5 ({Black should try} 23... Nf6 $1 $14) 24. Nc5 Nb6 25. Bf1 Rb8 26. e5 Nd5 27. Qa3 h5 28. Bg2 Bh6 29. Rd1 Nb6 30. Bc1 Bg7 {intending ...Bxe5.} 31. Bf3 Nc4 32. Qc3 Nb6 33. Qb3 Rdc8 {[#]} (33... Kh7 {was necessary.} 34. h4 Bh6) 34. h4 $1 $18 Nc4 $2 (34... Nd5 35. Bd2 Bf8) 35. Bg5 Qc7 36. g4 hxg4 37. Bxg4 Bf8 38. h5 gxh5 39. Bxh5 Bg7 40. Qg3 {[#] White wants to mate with Bf6.} f6 41. Bxf6 Kh8 42. Nxe6 Bxf6 43. Nxc7 Rg8 44. Bg6 {Precision: White = 66%, Black = 31%.} 1-0

[Event "2nd Sharjah Masters 2018"]
[Site "Sharjah"]
[Date "2018.04.18"]
[Round "8"]
[White "Gagare, Shardul"]
[Black "Aradhya, Garg"]
[Result "1-0"]
[WhiteElo "2502"]
[BlackElo "2218"]
[Annotator "TA"]
[PlyCount "101"]
[EventDate "2018.??.??"]
[EventType "swiss"]
[EventCountry "UAE"]
[SourceTitle "playchess.com"]
[Source "ChessBase"]
[SourceQuality "1"]

{[%evp 13,101,27,31,-17,-14,-33,0,0,47,51,46,42,43,31,104,73,79,91,91,84,70,70,63,70,91,67,173,154,233,206,240,229,195,195,183,186,319,316,313,289,397,393,383,370,338,258,1210,1209,1184,1163,1176,442,391,316,368,331,822,803,708,327,739,750,702,713,802,595,1041,1041,1885,5165,5106,5106,3418,1119,1132,1084,853,861,1420,745,1746,1732,29993,29987,29996,29997,29997,29998,29998,29999]} 1. Nf3 Nf6 2. g3 d5 3. Bg2 Nc6 4. d4 Bf5 5. O-O Nb4 6. Na3 e6 7. c3 {D02: 1 d4 d5 2 Nf3 sidelines, including 2...Nf6 3 g3 and 2...Nf6 3 Bf4} Nc6 {LiveBook: 17 Games} 8. c4 (8. Nh4 Be4 9. f3 Bg6 10. Nxg6 hxg6 11. e4 Bxa3 12. bxa3 Qd7 13. Rb1 Na5 {1-0 (43) Pantsulaia,L (2612)-Kuzubov,Y (2699) Riadh 2017}) 8... Bxa3 9. cxd5 $146 {The position is equal.} ({Predecessor:} 9. bxa3 O-O 10. Nh4 Be4 11. f3 Bg6 12. Nxg6 hxg6 13. c5 e5 14. dxe5 Nxe5 {0-1 (28) Savina,A (2350)-Goryachkina,A (2486) Riadh 2017}) 9... Nxd5 10. bxa3 O-O 11. Ne5 Nxe5 12. dxe5 {Threatens to win with e4.} Bg6 13. Qb3 Qc8 ({Black should try} 13... c5 $14) 14. e4 Nb6 15. f4 Bh5 16. Re1 c5 17. h3 f6 18. exf6 gxf6 19. g4 Bf7 {[#]} (19... Be8 $14) 20. e5 $1 $18 c4 {[#]} (20... Qd8 $16) 21. Qg3 $1 Qd8 22. Kh2 (22. Bxb7 $6 Rb8 $16) 22... Qd3 23. Re3 Qd4 24. Rb1 c3 (24... fxe5 $142 25. Rxe5 Qd3) 25. Rd3 ({Don't do} 25. Rxc3 fxe5 26. f5 (26. fxe5 Nd5 $16) (26. Bxb7 Nd5 $14) 26... Rfc8 $18) (25. Bxb7 Rab8 $16) 25... c2 26. Rb2 (26. Rxd4 $2 {is the wrong capture.} cxb1=Q 27. Bd2 fxe5 $19) 26... Qa4 27. exf6 Rac8 28. f5 Qc4 29. Rd2 ({But not} 29. Bxb7 Rfd8 $18) 29... Qa4 $2 (29... Qc7 30. Rbxc2 Qxg3+ 31. Kxg3 Rxc2 32. Rxc2 exf5 33. Bxb7 Bd5) 30. Qe3 {And now Qg5+ would win.} Kh8 31. fxe6 {Hoping for Qh6.} Bxe6 32. Rb4 (32. f7 $142 Rxf7 33. Qxe6) 32... Qe8 {If only Black now had time for ...Qf7....} 33. Qf2 Qg6 34. Rf4 Bxa2 $2 (34... Qf7 35. Rxc2 Nd5) 35. Be4 Qf7 36. Rxc2 (36. g5 $142) 36... Bb3 $2 (36... Rxc2 37. Bxc2 Rc8) 37. Rxc8 Rxc8 38. Bb2 Bd5 39. Bd3 Nc4 40. Bd4 Nxa3 41. g5 Kg8 42. g6 hxg6 43. Qg1 (43. Qg3 $142 Rc1 44. Qg5 Rh1+ 45. Kg3) 43... Rc2+ 44. Bxc2 Nxc2 45. Be5 Qe8 46. Qg5 {Intending Rh4 and mate.} Kf7 47. Rh4 {White threatens Rh7+ and mate.} Ke6 48. Qg4+ {White mates.} Kf7 49. Rh7+ Kg8 50. Rg7+ Kf8 51. Bd6+ {Precision: White = 75%, Black = 35%.} 1-0